[Event "GER-ch Net blitz qual1"]
[Site "Playchess.com INT"]
[Date "2021.04.24"]
[Round "5"]
[White "Bussemer, Karsten"]
[Black "Palme, Holger"]
[Result "1-0"]
[WhiteElo "1644"]
[BlackElo "1882"]
[PlyCount "137"]
[EventDate "2021.04.24"]
[EventType "swiss (blitz)"]
[EventRounds "11"]
[EventCountry "GER"]
[SourceTitle "CBM 202 Extra"]
[Source "ChessBase"]
[SourceDate "2021.07.31"]
[SourceVersion "1"]
[SourceVersionDate "2021.07.31"]
[SourceQuality "1"]

1. d4 Nf6 2. Bf4 d5 3. e3 Bf5 4. c4 c6 5. Nc3 e6 6. Qb3 Qb6 7. c5 Qxb3 8. axb3 a6 9. b4 Be7 10. b5 cxb5 11. Nxb5 0-0 12. Nf3 Nc6 13. Nc3 Nb4 14. Kd2 Nh5 15. Bc7 Rfc8 16. Bb6 Bg6 17. Ne5 Nf6 18. Nxg6 hxg6 19. Bd3 Nxd3 20. Kxd3 Rc6 21. b4 Re8 22. b5 axb5 23. Nxb5 Nd7 24. Ba7 f6 25. f4 e5 26. fxe5 fxe5 27. Rhe1 Bf6 28. g3 Re7 29. Nc3 exd4 30. exd4 Rxe1 31. Rxe1 Ra6 32. Bb6 Ra3 33. Re6 Kf7 34. Rd6 Nxb6 35. cxb6 Rb3 36. Kc2 Rb4 37. Rxd5 Rxb6 38. Kd3 Rc6 39. Nb5 Ke6 40. Rc5 Ra6 41. Nc7+ Kd7 42. Nxa6 bxa6 43. Ra5 Kd6 44. Rxa6+ Kd5 45. Ra5+ Kc6 46. Ke4 Kb6 47. Rd5 Kc6 48. Rd8 Kc7 49. Rd5 Kc6 50. Ra5 Kb6 51. Ra2 Kc6 52. d5+ Kc5 53. Rc2+ Kd6 54. Rc6+ Kd7 55. h3 Bb2 56. h4 Ba1 57. Rxg6 Ke7 58. g4 Kf7 59. Ra6 Ke7 60. g5 Bb2 61. h5 Bc3 62. h6 gxh6 63. gxh6 Kd7 64. Kf5 Ke7 65. Kg6 Kf8 66. Ra8+ Ke7 67. h7 Kd6 68. h8Q Bxh8 69. Rxh8 1-0

[Event "GER-ch Net blitz qual1"]
[Site "Playchess.com INT"]
[Date "2021.04.24"]
[Round "11"]
[White "Palme, Holger"]
[Black "Diehl, Mirko"]
[Result "0-1"]
[WhiteElo "1882"]
[BlackElo "1847"]
[PlyCount "92"]
[EventDate "2021.04.24"]
[EventType "swiss (blitz)"]
[EventRounds "11"]
[EventCountry "GER"]
[SourceTitle "CBM 202 Extra"]
[Source "ChessBase"]
[SourceDate "2021.07.31"]
[SourceVersion "1"]
[SourceVersionDate "2021.07.31"]
[SourceQuality "1"]

1. Nf3 c5 2. c3 Nc6 3. d4 cxd4 4. cxd4 d5 5. Nc3 Nf6 6. Bg5 e6 7. e3 Bb4 8. Rc1 Qa5 9. a3 Bxc3+ 10. bxc3 Ne4 11. Qb3 Nxg5 12. Nxg5 0-0 13. Bd3 h6 14. Nf3 Rb8 15. Bb5 Bd7 16. 0-0 a6 17. Bxc6 bxc6 18. Qa2 c5 19. Ne5 Ba4 20. Nd3 Bb3 21. Qa1 Bc4 22. Rfd1 Bxd3 23. Rxd3 c4 24. Rd2 Rb3 25. a4 Rfb8 26. Rdc2 Qc7 27. g3 Qe7 28. Kf1 Qf6 29. Ke2 Qf5 30. f3 Qh3 31. Ke1 a5 32. Qa2 h5 33. Rf2 h4 34. g4 f5 35. g5 f4 36. exf4 Qf5 37. Qd2 Rb2 38. Qxb2 Rxb2 39. Rxb2 Qxf4 40. Rcc2 Qe3+ 41. Re2 Qxc3+ 42. Kf2 Qxd4+ 43. Kg2 c3 44. Rb1 Qxa4 45. g6 Kf8 46. Rxe6 Qc2+ 0-1

[Event "Oberliga Nord O 1718"]
[Site "Germany"]
[Date "2018.01.21"]
[Round "5.7"]
[White "Palme, Holger"]
[Black "Jahnz, Fabian"]
[Result "0-1"]
[WhiteElo "1918"]
[BlackElo "2240"]
[PlyCount "74"]
[EventDate "2017.10.08"]
[EventType "team-tourn"]
[EventRounds "9"]
[EventCountry "GER"]
[SourceTitle "EXT 2019"]
[Source "ChessBase"]
[SourceDate "2018.10.10"]
[SourceVersion "1"]
[SourceVersionDate "2018.10.10"]
[SourceQuality "1"]
[WhiteTeam "Cottbus Lokomotive"]
[BlackTeam "Berlin Tegel II"]
[WhiteTeamCountry "GER"]
[BlackTeamCountry "GER"]

1. Nf3 d5 2. e4 dxe4 3. Ng5 Bf5 4. Nc3 Nf6 5. d3 exd3 6. Qf3 Qc8 7. Bxd3 Bxd3 8. Qxd3 e6 9. 0-0 Be7 10. Re1 Nbd7 11. Re3 c6 12. Rh3 Ne5 13. Qg3 Ng6 14. Nce4 Nxe4 15. Nxe4 Qd7 16. Be3 b6 17. f4 Rd8 18. a4 Qd5 19. Nc3 Qf5 20. Qf3 0-0 21. Rc1 c5 22. g4 Qf6 23. Rb1 Bd6 24. f5 Ne5 25. Qg2 exf5 26. gxf5 Qxf5 27. Rf1 Qe6 28. Ne4 Be7 29. Ng3 f5 30. Ne2 Ng6 31. Qf3 Ne5 32. Qg2 Qd5 33. Qg3 Ng6 34. Nc3 Qc6 35. Rh5 f4 36. Bxf4 Nxf4 37. Rxf4 Rxf4 0-1

[Event "Oberliga Nord O 1516"]
[Site "Germany"]
[Date "2016.04.10"]
[Round "9.7"]
[White "Piersig, Hans Juergen"]
[Black "Palme, Holger"]
[Result "1-0"]
[WhiteElo "2114"]
[BlackElo "1991"]
[PlyCount "97"]
[EventDate "2015.09.20"]
[EventType "team-tourn"]
[EventRounds "9"]
[EventCountry "GER"]
[SourceTitle "EXT 2017"]
[Source "ChessBase"]
[SourceDate "2016.10.25"]
[SourceVersion "1"]
[SourceVersionDate "2016.10.25"]
[SourceQuality "1"]
[WhiteTeam "Potsdam Empor"]
[BlackTeam "Cottbus Lokomotive"]
[WhiteTeamCountry "GER"]
[BlackTeamCountry "GER"]

1. e4 c6 2. d4 d5 3. Nc3 dxe4 4. Nxe4 Nf6 5. Nxf6+ gxf6 6. Nf3 Bg4 7. Be2 e6 8. h3 Bf5 9. Bd3 Rg8 10. g4 Bg6 11. Qe2 Nd7 12. Bd2 Qb6 13. 0-0-0 0-0-0 14. c4 Bg7 15. Be3 Qa6 16. Bxg6 fxg6 17. Kb1 Rge8 18. Qc2 e5 19. dxe5 Nxe5 20. Nxe5 fxe5 21. Bg5 Rd4 22. Be3 Rdd8 23. h4 Bf8 24. h5 c5 25. hxg6 hxg6 26. Qe4 Qe6 27. Kc2 a6 28. b3 Be7 29. Rd5 Rxd5 30. cxd5 Qd6 31. Rh6 Rg8 32. Rh7 Qf6 33. Kd3 Rd8 34. Rh6 Qc6 35. Rxg6 Rxd5+ 36. Kc3 Bd6 37. g5 b5 38. Qf5+ Kb7 39. Rg7+ Bc7 40. Rg6 Bd6 41. Qf7+ Kb6 42. b4 Rd4 43. Bxd4 cxd4+ 44. Kd2 e4 45. Kd1 d3 46. Qb3 Kb7 47. Rf6 Ka8 48. g6 Ka7 49. g7 1-0

[Event "Oberliga Nord O 1516"]
[Site "Germany"]
[Date "2016.01.31"]
[Round "6.7"]
[White "Palme, Holger"]
[Black "Gropp, Andreas"]
[Result "0-1"]
[WhiteElo "2003"]
[BlackElo "2185"]
[PlyCount "82"]
[EventDate "2015.09.20"]
[EventType "team-tourn"]
[EventRounds "9"]
[EventCountry "GER"]
[SourceTitle "EXT 2017"]
[Source "ChessBase"]
[SourceDate "2016.10.25"]
[SourceVersion "1"]
[SourceVersionDate "2016.10.25"]
[SourceQuality "1"]
[WhiteTeam "Cottbus Lokomotive"]
[BlackTeam "Neuruppin"]
[WhiteTeamCountry "GER"]
[BlackTeamCountry "GER"]

1. d4 e6 2. Nc3 d5 3. Bf4 Nf6 4. Qd3 Be7 5. g4 0-0 6. h4 c5 7. g5 Nfd7 8. e3 Nc6 9. Nf3 a6 10. h5 f6 11. gxf6 Bxf6 12. Bd6 cxd4 13. exd4 Rf7 14. 0-0-0 Nf8 15. Bg3 b5 16. Bg2 Qa5 17. Kb1 b4 18. Ne2 b3 19. Qxb3 Rb7 20. Qc3 Qb6 21. Ka1 Be7 22. Nf4 Bd7 23. Rb1 Rc8 24. Qd2 Nb4 25. Ne1 Qa5 26. a3 Nxc2+ 27. Qxc2 Rxc2 28. Nxc2 Ba4 29. b4 Qb6 30. Rhc1 Bxc2 31. Rxc2 Qxd4+ 32. Ka2 a5 33. b5 Qa4 34. Rc3 Rxb5 35. Rxb5 Qxb5 36. Bf3 Bf6 37. Be2 Qd7 38. Rc5 Qa7 39. Nd3 Nd7 40. Rc8+ Nf8 41. Bg4 Qa6 0-1

[Event "Oberliga Nord O 1516"]
[Site "Germany"]
[Date "2016.01.17"]
[Round "5.7"]
[White "Wiedersich, Jens"]
[Black "Palme, Holger"]
[Result "1/2-1/2"]
[WhiteElo "2101"]
[BlackElo "1996"]
[PlyCount "36"]
[EventDate "2015.09.20"]
[EventType "team-tourn"]
[EventRounds "9"]
[EventCountry "GER"]
[SourceTitle "CBM 170 Extra"]
[Source "ChessBase"]
[SourceDate "2016.02.25"]
[SourceVersion "1"]
[SourceVersionDate "2016.02.25"]
[SourceQuality "1"]
[WhiteTeam "Oberschoeneweide"]
[BlackTeam "Cottbus Lokomotive"]
[WhiteTeamCountry "GER"]
[BlackTeamCountry "GER"]

1. d4 Nf6 2. c4 e5 3. dxe5 Ng4 4. Nf3 Bc5 5. e3 Nc6 6. Bd2 Ngxe5 7. Nxe5 Nxe5 8. Bc3 Qe7 9. Be2 a5 10. Nd2 Ra6 11. Nf3 Bb4 12. Qc2 Rf6 13. a3 Bxc3+ 14. Qxc3 Nc6 15. g3 0-0 16. h4 h6 17. Nd4 Nxd4 18. Qxd4 b6 1/2-1/2